Statistics for Hunger Games Groups of Things

Click here to take the quiz!

General Stats

  • This quiz has been taken 499 times
    (494 since last reset)
  • The average score is 38 of 69

Answer Stats

HintAnswer% Correct
Rue
90%
Tributes in the 74th GamesKatniss Everdeen
89%
Star Squad MembersKatniss Everdeen
89%
Tributes in the 75th GamesKatniss Everdeen
89%
Presidents of PanemCoriolanus Snow
88%
Peeta Mellark
83%
Peeta Mellark
83%
Peeta Mellark
83%
Cato
82%
District TwelveCoal
82%
Glimmer
79%
Foxface
77%
Gale
77%
Gale Hawthorne
77%
Thresh
77%
StylistsCinna
76%
Finnick Odair
75%
Finnick Odair
75%
Clove
73%
Alma Coin
71%
Beetee
69%
Marvel
68%
Mags
67%
Johanna Mason
66%
Wiress
66%
Game MakersSeneca Crane
63%
District SevenLumber
60%
District ElevenAgriculture
57%
District FourFishing
57%
Plutarch Heavensbee
57%
District OneLuxury
56%
Brutus
55%
District ThreeElectronics
55%
Game HostsCaesar Flickerman
54%
Enobaria
54%
Gloss
52%
Portia
50%
Boggs
49%
Cashmere
48%
Octavia
44%
Chaff
43%
District TenLivestock
43%
Pollux
43%
District EightTextiles
43%
Cressida
41%
Flavius
40%
Posy
40%
Blight
39%
Castor
38%
District NineGrain
37%
Seeder
37%
District SixTransportation
37%
Jackson
36%
Paylor
36%
Rory
36%
District FiveElectrical Power
35%
Hawthorne FamilyHazelle
35%
District TwoWeaponry
35%
Cecelia
34%
Venia
34%
Woof
34%
Leeg 1
33%
Leeg 2
33%
Claudius Templesmith
32%
Vick
29%
Mitchell
28%
Homes
25%
Messalla
24%
Morphlings
22%

Score Distribution

Percentile by Number Answered

Percent of People with Each Score

Your Score History

You have not taken this quiz since the last reset